| 000 | 00745nam a2200193 a 4500 | ||
|---|---|---|---|
| 001 | 000045867 | ||
| 005 | 20240229073938.0 | ||
| 008 | 150525s1949 dr ac 000 0 spa d | ||
| 040 |
_aDO-SdBNP _bspa _cBNPHU |
||
| 082 |
_a353.035 _bR426m |
||
| 110 | 1 |
_aRepública Dominicana. _bPresidente (1930-1961 : Trujillo) _973940 |
|
| 245 | 1 | 0 | _aMessage to the congress of the Dominican Republic. |
| 260 |
_aCiudad Trujillo, República Dominicana : _bEditora del Caribe, _c1949. |
||
| 300 |
_a16 p. : _bil., retrs. ; _c23 cm. |
||
| 650 | 4 |
_aPresidente _zEstados Unidos _xMensajes _973941 |
|
| 651 | 4 |
_aEstados Unidos _xPolítica Y Gobierno _95436 |
|
| 700 | 1 | 2 |
_aTrujillo Molina, Rafael Leónidas, _d 1891-1961 _976764 |
| 910 | _aValidado. Control de calidad MFF | ||
| 999 |
_c45356 _d45356 |
||